00634 2200229 4500001002100000005001500021035002000036245007600056100001800132250000600150300003300156700001900189260004900208082001200257084001800269020002200287650002700309990001700336990001700353990001700370990001700387INLIS00000000000047520181107034226 a0010-11180000181 aRagam Suku Budaya di Indonesia /cDevi Andriana; Editor, Maya Rohmayati0 aDevi Andriana a- a64 hlm. :bilus. ;c29,5 cm.0 aMaya Rohmayati aBandung :bPT Sarana Panca Karya Nusa,c2009 a909.041 a909.041 DEV r a978-979-678-374-8 aSuku-Suku di Indonesia a01641/P/2018 a01642/P/2018 a01643/P/2018 a01644/P/2018